Conceptual design of chemical processes / (Record no. 4497)

MARC details
000 -LEADER
fixed length control field 00901nac a22002171u 4500
010 ## - LIBRARY OF CONGRESS CONTROL NUMBER
LC control number 87021359
020 ## - INTERNATIONAL STANDARD BOOK NUMBER
International Standard Book Number 0070177627 :
082 00 - DEWEY DECIMAL CLASSIFICATION NUMBER
Classification number 660.281
Item number D733
090 ## - LOCALLY ASSIGNED LC-TYPE CALL NUMBER (OCLC); LOCAL CALL NUMBER (OCLC)
-- 4497
-- 4497
100 ## - MAIN ENTRY--PERSONAL NAME
Personal name Douglas, James M.
245 10 - TITLE STATEMENT
Title Conceptual design of chemical processes /
Statement of responsibility, etc James M. Douglas.
260 ## - PUBLICATION, DISTRIBUTION, ETC. (IMPRINT)
Place of publication, distribution, etc New York :
Name of publisher, distributor, etc McGraw-Hill,1988
Date of publication, distribution, etc 1988.
300 ## - PHYSICAL DESCRIPTION
Extent xviii, 601 p. :
Other physical details ill. ;
Dimensions 25 cm.
440 #0 -
-- McGraw-Hill chemical engineering series
504 ## - BIBLIOGRAPHY, ETC. NOTE
Bibliography, etc Includes bibliographical references and indexes.
650 #0 - SUBJECT ADDED ENTRY--TOPICAL TERM
Topical term or geographic name as entry element Chemical processes.
856 42 - ELECTRONIC LOCATION AND ACCESS
Materials specified Publisher description
Uniform Resource Identifier <a href="http://www.loc.gov/catdir/description/mh022/87021359.html">http://www.loc.gov/catdir/description/mh022/87021359.html</a>
856 42 - ELECTRONIC LOCATION AND ACCESS
Materials specified Table of contents
Uniform Resource Identifier <a href="http://www.loc.gov/catdir/toc/mh021/87021359.html">http://www.loc.gov/catdir/toc/mh021/87021359.html</a>
942 ## - ADDED ENTRY ELEMENTS (KOHA)
Item type Book - Borrowing
Call number prefix 660.281D733
Holdings
Withdrawn status Item status Damaged status Not for loan Home library Current library Shelving location Date acquired Source of acquisition Total Checkouts Total Renewals Full call number Barcode Date last seen Date last borrowed Koha item type
        Central Library Central Library First floor 09/09/2007 Purchase 3 6 660.281 DOU 000000221 15/07/2025 11/04/2019 Book - Borrowing